| 000 | 00823nam a2200229Ia 4500 | ||
|---|---|---|---|
| 003 | CO-ViMGA | ||
| 008 | 180103s9999 xx 000 0 und d | ||
| 020 | _a9789585428553 | ||
| 040 |
_aCO-ViMGA _bspa _cCO-ViMGA |
||
| 090 | _aN FUE1 | ||
| 100 | 1 |
_aFuentes, Carlos _d1928-2012 _912105 |
|
| 245 | 1 | 0 |
_aAquiles o el guerrillero y el asesino / _cCarlos Fuentes ; prólogo Julian Ortega |
| 250 | _aEdición especial | ||
| 260 |
_aBogotá _bAlfaguara _bPenguin Random House _c2017 |
||
| 300 |
_a191 páginas _b24 cm. |
||
| 490 | _aPlan Nacional de Lectura y Escritura Leer es mi Cuento / Ministerio de Cultura | ||
| 650 | 1 | 4 |
_aGuerrilla En La Literatura _912107 |
| 650 | 1 | 4 |
_aLiteratura Mexicana - Siglo Xx _912108 |
| 650 | 1 | 4 |
_aNovela Mexicana - Siglo Xx _912109 |
| 650 | 1 | 4 |
_aPizarro Leongómez, Carlos _xBiografías _912106 |
| 942 |
_2ddc _cBK |
||
| 999 |
_c8499 _d8499 |
||